000
00308nam a22001457a 4500
008
230419b ||||| |||| 00| 0 eng d
020
_a
9780521318777
041
_a
eng
080
_a
37
082
_a
37YUL
100
_a
24
101
_a
EDU
245
_a
THE STUDY OF LANGUAGE
_c
YULE.G
942
_2
udc
_c
BK
999
_c
59612
_d
59612